Keskiajan kivikirkot = Finlands medeltida stenkyrkor = The medieval stone churches of Finland /

Bibliographic Details
Main Author: Santakari, Esa
Other Authors: Savolainen, Irma
Format: Book
Language:Finnish
English
Swedish
Published: Helsingissä : Otava, [1979]
Subjects:

MARC

Tag First Indicator Second Indicator Subfields
LEADER 00000cam a2200000 i 4500
001 in00003582004
005 20170928132912.0
008 800404s1979 fi a b 001 0 fin
010 |a  80465679  
015 |a Fi*** 
020 |a 9511054759 
020 |a 9789511054757 
035 |a (OCoLC)ocm06280116 
035 |a (OCoLC)6280116 
040 |a DLC  |b eng  |c DLC  |d OCLCO  |d OCLCF  |d OCLCQ  |d TXA  |d UtOrBLW 
041 0 |a fin  |a eng  |a swe 
043 |a e-fi--- 
049 |a TXAM 
050 0 4 |a NA5955.F5  |b S37 1979 
082 0 0 |a 726/.5/094897 
100 1 |a Santakari, Esa.  |0 http://id.loc.gov/authorities/names/n80023669 
245 1 0 |a Keskiajan kivikirkot =  |b Finlands medeltida stenkyrkor = The medieval stone churches of Finland /  |c Esa Santakari ; teksti/text Irma Savolainen. 
246 3 |a Finlands medeltida stenkyrkor 
246 3 |a Medieval stone churches of Finland 
264 1 |a Helsingissä :  |b Otava,  |c [1979] 
300 |a 175 pages :  |b illustrations ;  |c 29 cm 
336 |a text  |b txt  |2 rdacontent 
337 |a unmediated  |b n  |2 rdamedia 
338 |a volume  |b nc  |2 rdacarrier 
500 |a English, Finnish, and Swedish. 
504 |a Includes bibliographical references (page 175) and index. 
541 0 |a Donated to the TRC College of Architecture, April 21, 2015; In remembrance of Professor Malcolm Quantrill, Distinguished Professor of Architecture  |d 20150817 
650 0 |a Catholic church buildings  |z Finland. 
650 0 |a Stone buildings  |z Finland. 
650 0 |a Architecture, Medieval  |z Finland. 
650 7 |a Architecture, Medieval.  |2 fast  |0 (OCoLC)fst00813825 
650 7 |a Catholic church buildings.  |2 fast  |0 (OCoLC)fst00849149 
650 7 |a Stone buildings.  |2 fast  |0 (OCoLC)fst01133828 
651 7 |a Finland.  |2 fast  |0 (OCoLC)fst01205503 
700 1 |a Savolainen, Irma.  |0 http://id.loc.gov/authorities/names/n80022722 
994 |a C0  |b TXA 
948 |a cataloged  |b h  |c 2015/8/17  |d c  |e jlanham  |f 3:02:08 pm 
999 f f |s 6215c0e0-f60c-3210-826e-184d5a0ed1c6  |i deaed668-7ef9-31c9-af7d-5f2e16011a69  |t 0 
952 f f |p ric  |a Texas A&M University  |b Rellis Campus  |c Joint Library Facility  |d Remote Storage  |t 0  |e NA5955.F5 S37 1979  |h Library of Congress classification  |i unmediated -- volume  |m A14850232910 
998 f f |a NA5955.F5 S37 1979  |t 0  |l Remote Storage